Word Ladder: Felines Quiz Stats

Quiz Updated Apr 3, 2016

Challenge
Share
Tweet
Embed
Score 0/24 Timer 03:00
1 Play Today
Hint 4-Letter Word % Correct
• Feline feet •• PAWS •
98.2%
Food for carnivoresMEAT
96.9%
UnkindMEAN
96.5%
Crows' callsCAWS
96.1%
Low groanMOAN
95.7%
Feline sound of contentment• PURR •
95.7%
Former MTV series: '____ My Ride'PIMP
95.6%
Tire-filling devicePUMP
95.3%
Earth's natural satelliteMOON
95.2%
Average golf scoresPARS
94.9%
Apartment (UK)FLAT
94.4%
Walk unevenlyLIMP
94%
Hint 4-Letter Word % Correct
Impressive achievementFEAT
94%
• Feline member of a pride •• LION •
94%
• Feline toenail, usually retractable •• CLAW •
93.7%
Water bird on Canadian currencyLOON
92.2%
DefectFLAW
90.6%
• Another name for cougar or catamount •• PUMA •
90.1%
Young salmonPARR
89.1%
• Members of the Felidae family •• CATS •
88.7%
Costa Rican slogan: _____ vidaPURA
86.9%
Outline in detailLIMN
82.2%
Piece of tobaccoCHAW
77.5%
• Feline in Paris •• CHAT •
64.8%

Today's Daily Dose

You're not logged in!

Compare scores with friends on all Sporcle quizzes.
Sign Up with Email
OR
Log In

You Might Also Like...

Show Comments

Extras

Top Quizzes Today


Score Distribution

Your Account Isn't Verified!

In order to create a playlist on Sporcle, you need to verify the email address you used during registration. Go to your Sporcle Settings to finish the process.